La vaca ventilador y otros poemas para volar /

Guardado en:
Autor Principal: Repún, Graciela
Otros Autores: Melantoni, Enrique, Gardes, Hebe; il.
Formato: Libro
Publicado: Buenos Aires : Atlántida, 2013
Materias:
Etiquetas: Agregar Etiqueta
Sin Etiquetas, Sea el primero en etiquetar este registro!
LEADER 01506nam a22002655a 4500
001 CEM.cems015537
005 20191211183549.0
008 130507s2013##################000#0#####d
003 CEMS
020 |a 9789500841733 
082 0 4 |a A861.4 
100 1 |a Repún, Graciela 
245 1 0 |a La vaca ventilador y otros poemas para volar /  |c Graciela Repún y Enrique Melantoni ; ilustrado Por Hebe Gardes 
260 |a Buenos Aires :  |b Atlántida,  |c 2013 
300 |a 40 p. 
505 0 |a El pez que nada -- En mi calle -- Hay un rey -- Mi casa -- Me río del río -- A veces las mamás se equivocan -- Un elefante amarillo -- ¿El gato dónde está? -- La vaca ventilador -- Poesía para ordenar sin que deje de rimar -- Ruiditos -- El cuello de la jirafa -- Desde la escuela -- La nebla -- ¡Y se acabo! -- La hormiga forzuda -- Reflejos en el agua -- Retrato en el lago -- Hora de ir a la cama -- ¿Cómo son? -- ¿Qué haré si llueve? -- Barquito en la bañera -- ¿Por cuántos años me prestarías tus juguetes? -- La tierra cuadrada -- ¡Qué bien la pasamos en le campo! -- Un poema resbaloso -- Con la música a otra parte -- Preguntita -- El beso de la despedida 
653 |a Literatura 
653 |a Literatura argentina 
653 |a Literatura infantil 
653 |a Poesía 
653 |a Poesía infantil 
653 |a Colección ciencias de la educación 
700 1 |a Melantoni, Enrique 
700 1 |a Gardes, Hebe; il. 
859 |a CEMS  |b BIB. CEMS - Ccias. Educacion  |h A861.4  |i R299-4  |k CE  |p 28977.19  |t Ej.1